| 000 | 00836nam a2200277 a 4500 | ||
|---|---|---|---|
| 001 | 1193898 | ||
| 003 | OSt | ||
| 005 | 20180116183048.0 | ||
| 008 | 971212s1995 njuk 001 0 eng | ||
| 010 | _a 97224785 | ||
| 020 | _a0138948666 | ||
| 040 |
_aDLC _cDLC |
||
| 082 | 0 | 0 | _a362.1'1 TYB 1995 |
| 100 | 1 | _aTyberg, Theodore. | |
| 245 | 1 | 0 |
_aHospital smarts _cTheodore Tyberg _b Kenneth Rothaus |
| 260 |
_aParamus, NJ _bPrentice Hall _c1995 |
||
| 300 |
_a232 p. : _bPB _c24 cm. |
||
| 440 | _aHospital smarts | ||
| 500 | _aPreviously published with subtitle: Everything you need to know about the hospital, the nursing staff and your bill! | ||
| 500 | _aIncludes index. | ||
| 650 | 0 | _aHospital patients. | |
| 650 | 0 | _aHospital care. | |
| 650 | 0 | _aConsumer education. | |
| 700 | 1 | _aRothaus, Kenneth. | |
| 942 |
_2ddc _cBK |
||
| 999 |
_c351503 _d351503 |
||